| 000 | 01166cam a22002891i 4500 | ||
|---|---|---|---|
| 003 | SA-RiAUC | ||
| 005 | 20250822115906.0 | ||
| 008 | 250801s2000 ts g b 000 0 ara c | ||
| 040 |
_aSA-RiAUC _bara _cSA-RiAUC _erda |
||
| 082 | 0 | 4 |
_a212.2 _qSA-RiAUC |
| 090 |
_a212.2 _bح س ن |
||
| 100 | 1 |
_aالحسني، محمد بن علوي المالكي، _d1367-1425 هجري _eمؤلف. |
|
| 245 | 1 | 2 |
_aالزيارة النبوية بين البدعية والشرعية / _cتأليف محمد بن علوي بن عباس المالكي الحسني. |
| 264 | 1 |
_aأبو ظبي : _bالمجمع الثقافي، _c2000 |
|
| 300 |
_a200 صفحة ؛ _c24 سم |
||
| 336 |
_aنص _btxt _2rdacontent _3كتاب |
||
| 337 |
_aبدون وسيط _bn _2rdamedia |
||
| 338 |
_aمجلد _bnc _2rdacarrier |
||
| 504 | _aببليوجرافية : صفحة 197-200. | ||
| 650 | 7 |
_aالحج _2aucsh |
|
| 650 | 7 |
_aالبدع الدينية _2aucsh |
|
| 650 | 7 |
_aزيارة المدينة المنورة _2aucsh |
|
| 650 | 7 |
_aالبدع في الإسلام _2aucsh |
|
| 942 |
_2ddc _cBOOK _n0 |
||
| 949 |
_aSA-JeALM _d250801 _umohamedma123 _n1 |
||
| 999 |
_c11002 _d11002 |
||